Joueurs sélectionnés en Équipe de France en octobre 2025 - Statistiques

Statistiques générales
  • Ce quiz a été pris 45 fois
  • Le résultat moyen est 21 sur 24
Statistiques - réponses
Poste Club Joueur % Correct
G Paris Saint-Germain Lucas Chevalier
100%
SEL - Didier Deschamps
98%
DEF FC Barcelone Jules Koundé
98%
DEF Paris Saint-Germain Lucas Hernandez
98%
G AC Milan Mike Maignan
98%
DEF Al-Hilal Théo Hernandez
98%
DEF Bayern Munich Dayot Upamecano
95%
MIL Real Madrid Eduardo Camavinga
95%
ATT Real Madrid Kylian Mbappé
95%
DEF Arsenal William Saliba
95%
DEF Liverpool Ibrahima Konaté
93%
DEF Aston Villa Lucas Digne
93%
ATT Paris Saint-Germain Bradley Barcola
90%
G Stade Rennais Brice Samba
88%
ATT Liverpool Hugo Ekitike
88%
MIL AC Milan Adrien Rabiot
86%
MIL Juventus Khéphren Thuram
86%
MIL Bayern Munich Michael Olise
86%
ATT Al-Nassr FC Kingsley Coman
81%
ATT AS Monaco Maghnes Akliouche
81%
ATT Crystal Palace Jean-Phillipe Mateta
79%
DEF Chelsea Malo Gusto
79%
MIL AS Roma Manu Koné
79%
ATT AC Milan Christopher Nkunku
64%
Aucun quiz correspondant
Distribution des résultats
% des personnes avec chaque résultat
Percentile par nombre de réponses
Votre historique - résultats
Vous n’avez pas pris ce quiz